| 000 | | | 03623ckm0a2200241#x 450 |
| 001 | | | 64c14bfa-9f14-4e4b-9e60-b17280322c22 |
| 005 | | | 20200414142713.0 |
| 100 | ## | $a | 20200401j193810##k###0rusy50 ca |
| 102 | ## | $a | CZ |
| | $a | PL |
| 122 | 0# | $a | d193810#### |
| 200 | 1# | $a | Чехословацкие и польские офицеры во время переговоров : фотография |
| | $j | [октябрь 1938 г.] |
| 251 | ## | $c | Документ |
| 461 | #0 | $1 | 2001 |
| | $a | РГАКФД |
| | $1 | 251 |
| | $c | Фонд |
| | $1 | 852 |
| | $j | РГАКФД |
| 462 | #0 | $1 | 2001 |
| | $a | Оп. 1 |
| | $1 | 251 |
| | $c | Опись |
| | $1 | 852 |
| | $j | 1 |
| 462 | #0 | $1 | 2001 |
| | $a | Ал. 4048 |
| | $v | Сн. 103 |
| | $1 | 251 |
| | $c | Дело |
| | $1 | 852 |
| | $j | 4048 |
| 605 | ## | $a | Вторая мировая война в архивных документах (Комплекс оцифрованных архивных документов, кино- и фотоматериалов) |
| | $l | коллекция |
| | $2 | prlib_sh |
| | $3 | LIBNET\UAF\0000088514 |
| 617 | ## | $a | Польша |
| | $f | 1938 |
| | $2 | prlib_sh |
| 617 | ## | $a | Чехословакия |
| | $f | 1938 |
| | $2 | prlib_sh |
| 801 | #0 | $a | RU |
| | $b | ПБ им. Б.Н. Ельцина |
| | $c | 20200401 |
| 801 | #1 | $a | RU |
| | $b | ПБ им. Б.Н. Ельцина |
| | $c | 20200401 |
| | $2 | rusmarc |
| 801 | #2 | $a | RU |
| | $b | ПБ им. Б.Н. Ельцина |
| | $c | 20200414 |
| | $2 | rusmarc |
| 850 | ## | $a | Российский государственный архив кинофотодокументов |
| 852 | ## | $a | РГАКФД |
| | $j | Сн. 103 |
| 035 | ## | $a | LIBNET\0001068047 |
| 937 | ## | $d | 144020126 |
| | $h | Российский государственный архив кинофотодокументов |
| 856 | 4# | $u | http://readingroom.main.prlib.ru/item.aspx?id_node=n144020126&mode=full |